Dohľad nad bankami a finančným trhom na Slovensku
Historický vývoj inštitucionálnej štruktúry bankového dohľadu na Slovensku. Rozdelenie dohľadu a kompetencií pre dohľad nad bankami a nad poisťovňami a kapitálovým trhom. Otázky vyplývajúce z prechodu na integrovaný dohľad pre celý finančný trh.
Salvato in:
| Autore principale: | |
|---|---|
| Natura: | Capitolo di libro |
| Lingua: | slovacco |
| Soggetti: | |
| Tags: |
Nessun Tag, puoi essere il primo ad aggiungerne!!
|
MARC
| LEADER | 00000naa$a2200000$$$4500 | ||
|---|---|---|---|
| 001 | 0058756 | ||
| 005 | 20240502071645.9 | ||
| 041 | 0 | |a slo | |
| 044 | |a SK | ||
| 245 | 1 | 0 | |a Dohľad nad bankami a finančným trhom na Slovensku |c Monika Bačová |
| 520 | |a Historický vývoj inštitucionálnej štruktúry bankového dohľadu na Slovensku. Rozdelenie dohľadu a kompetencií pre dohľad nad bankami a nad poisťovňami a kapitálovým trhom. Otázky vyplývajúce z prechodu na integrovaný dohľad pre celý finančný trh. | ||
| 610 | 2 | 0 | |a dohľad bankový |
| 610 | 2 | 0 | |a trh finančný |
| 610 | 2 | 0 | |a trh kapitálový |
| 610 | 2 | 0 | |a banky centrálne |
| 610 | 2 | 0 | |a Slovensko |
| 610 | 2 | 0 | |a história |
| 100 | 1 | |a Bačová, Monika | |